Statistics for Formula 1 2012 Race Winners

Click here to take the quiz!

General Stats

  • This quiz has been taken 137 times
  • The average score is 17 of 20

Answer Stats

RaceDriver% Correct
Malaysian Grand PrixFernando Alonso
94%
Bahrain Grand PrixSebastian Vettel
93%
Australian Grand PrixJenson Button
89%
Indian Grand PrixSebastian Vettel
89%
Korean Grand PrixSebastian Vettel
89%
Monaco Grand PrixMark Webber
88%
Japanese Grand PrixSebastian Vettel
88%
Singapore Grand PrixSebastian Vettel
87%
European Grand PrixFernando Alonso
86%
Canadian Grand PrixLewis Hamilton
85%
German Grand PrixFernando Alonso
83%
British Grand PrixMark Webber
83%
Italian Grand PrixLewis Hamilton
81%
Hungarian Grand PrixLewis Hamilton
80%
Chinese Grand PrixNico Rosberg
80%
Abu Dhabi Grand PrixKimi Räikkönen
78%
Spanish Grand PrixPastor Maldonado
78%
United States Grand PrixLewis Hamilton
74%
Brazilian Grand PrixJenson Button
73%
Belgian Grand PrixJenson Button
72%

Score Distribution

Percentile by Number Answered

Percent of People with Each Score

Your Score History

You have not taken this quiz